La industria alimenticia en Córdoba (Registro nro. 25419)
[ vista simple ]
| 000 -LEADER | |
|---|---|
| fixed length control field | 00384 a2200133 4500 |
| 001 - CONTROL NUMBER | |
| control field | ART_11276 |
| 005 - DATE AND TIME OF LATEST TRANSACTION | |
| control field | 20260410161855.0 |
| 008 - FIXED-LENGTH DATA ELEMENTS--GENERAL INFORMATION | |
| fixed length control field | 260409a |
| 100 1# - MAIN ENTRY--PERSONAL NAME | |
| Personal name | Frediani, Ramón O. |
| 245 10 - TITLE STATEMENT | |
| Title | La industria alimenticia en Córdoba |
| 700 1# - ADDED ENTRY--PERSONAL NAME | |
| Personal name | Blanco, Agustín |
| 700 1# - ADDED ENTRY--PERSONAL NAME | |
| Personal name | Branda, Luis |
| 773 0# - HOST ITEM ENTRY | |
| Title | Revista de Economía |
| Related parts | - Nº 56 (jul./sep. 1989) |
| Record control number | REV11077 |
No hay ítems disponibles.